Toca a votar! (Registo nº 1253)

Detalhes MARC
000 -Etiqueta do registo
Cabeçalho 00711nam0a2200241 4500
005 - Identificador da versão
Campo de controlo 20240822201819.0
010 ## - Número internacional normalizado dos livros (ISBN)
Número (ISBN) 9789722228275
021 ## - Número do Depósito Legal
Código do país PT
Número 279522/08
100 ## - Dados gerais de processamento
Dados gerais de processamento 20160707d2008 m y0pory5003 ba
101 1# - Língua de publicação
Língua do texto, banda sonora, etc. Português
Língua do documento no original Inglês
102 ## - Pais de publicação ou produção
País de publicação Portugal
200 1# - Titulo e menção de responsabilidade
Título próprio Toca a votar!
Primeira menção de responsabilidade Beth Beechwood, N. B. Grace
210 ## - Publicação, Distribuição, etc. 
Lugar da edição, distribuição, etc. [Lisboa]
Nome do editor, distribuidor, etc. Verbo
Data da publicação, distribuição, etc. D.L. 2008
215 ## - Descrição física 
Indicação específica da natureza do documento e extensão da espécie 148, [1] p
225 2# - Colecção 
Título próprio da colecção O prazer de ler
Nome de uma parte ou secção High school musical
Título paralelo da colecção histórias de East High
Língua do título paralelo por
Indicação de volume 8
606 ## - Nome comum usado como assunto
Número de registo de entrada de autoridade 0002097
Palavra de ordem Literatura americana
Subdivisão de assunto Romance
Código do sistema CA
675 ## - Classificação Decimal Universal (CDU)
Notação 821.111(73)-31
Edição 3ª ed.
Língua da edição por
700 #1 - Nome de autor-pessoa física (responsabilidade principal)
Número de registo de entrada de autoridade 0003086
Palavra de ordem Beechwood
Outra parte do nome não tomada para palavra de ordem Beth
Elementos de identificação ou distinção e outro
701 #1 - Nome de autor-pessoa física (co-responsabilidade principal)
Palavra de ordem Grace
Outra parte do nome não tomada para palavra de ordem N. B.
Elementos de identificação ou distinção e outro
942 ## - Elementos de entrada adicionados (Koha)
Tipo de item no Koha Livro
966 ## - Identificação da Biblioteca
Sigla EB2,3ENM
Exemplares
Situação do levantamento Origin of item (home branch) (coded) Biblioteca de empréstimo Código de barras Cota Circulation type (not for loan) Tipo de documento Nota do exemplar Damaged status
  Biblioteca Escolar Eng. Nuno Mergulhão Biblioteca Escolar Eng. Nuno Mergulhão BENM2616 82LE-3 BEE   Livro Sem mensagem